000 01030nam a2200289 a 4500
001 000042739
003 DO-SdBNP
005 20240229073831.0
008 140206s 2011 dr 000 j spa d
020 _a9789945475029
040 _aDO-SdBNP
_bspa
_cBNPHU
082 4 _aBNPHU RD863.44
_bH557p
_222
100 1 _aHernández, Ángela,
_d1954-
_92564
245 1 3 _aEl peso del rocío /
_cÁngela Hernández Núñez.
260 _aSanto Domingo :
_bEdiciones Ferilibro,
_c2011.
300 _a394 p. ;
_c23 cm.
490 1 _aCuentos reunidos
500 _aIncluye datos biográficos de la autora en las solapas
505 0 _aAlótropos --
_tMasticar una rosa --
_tPiedra de sacrificio --
_tCuentos casi extranños.
590 _aInventariado, 2020 /LP
650 4 _aCuentos dominicanos
_xColecciones
_9503
650 4 _aLiteratura dominicana
_xColecciones
_9352
710 1 2 _aDirección General de la Feria del Libro.
_911186
830 0 _aCuentos reunidos
_970055
910 _aValidado. Control de calidad MFF
942 _2ddc
_cLBS1
999 _c42228
_d42228